LEADER 01465nam a2200289 a 4500 001 000000141416 003 CaOOAMICUS 005 20150123115906.0 008 150123s2014 vc u000 0 ita r 020 $a978-88-209-9434-1 040 $aPUL$bita 100 1 $aMigliaccio, Rosario Salvatore.$0(OLS)http://pul/name/89410 245 10$aLegittimitā e competenza della Chiesa nell'accertamento genealogico, can. 108 e suo riflesso civile /$cRosario Salvatore Migliaccio ; presentazione del Card. Renato Raffaele Martino. 260 $aCittā del Vaticano :$bLibreria editrice vaticana,$c2014. 300 $a121 p. ;$c24 cm 490 1 $aStudi giuridici ;$v109 504 $aBibliografia in nota. 650 4$aDiritto canonico$xStudi.$0(OLS)http://pul/subject/689 700 1 $aMartino, Renato Raffaele,$ccard.,$d1932-$0(OLS)http://pul/name/53621 830 0$aStudi giuridici (Libreria editrice Vaticana) ;$v109.$0(OLS)http://pul/title/782 850 $aPUL 852 $aPUL$W1$xSL Diritto Canonico 3$y77$m262. 99 CAN.6 2.109$j163229$qDDC 21$B163116$CPULBib$Z2$F163116 $H125308 $82 941 1 $a9 996 $6020$a978-88-209-9434-1$9(OLS)http://pul/number/156804 996 $6245$aLegittimitā e competenza della Chiesa nell'accertamento genealogico, can. 108 e suo riflesso civile$9(OLS)http://pul/title/175553 996 $6260$aCittā del Vaticano :$bLibreria editrice vaticana$9(OLS)http://pul/publisher/47920 LEADER 01684nam a2200337 a 4500 001 000000154449 003 CaOOAMICUS 005 20160929170710.0 008 160929n1954 vc u000 u lat r 032 $aLibriCat 040 $aPUL$bita 100 1 $aStarowieyski, Stanislaus.$0(OLS)http://pul/name/98320 245 10$aDe coniunctione Mariae cum Filio suo secundum "Le glorie di Maria" S. Alphonsi de Liguori / $cStanislaus Starowieyski. 260 $aCivitas Vaticana :$bTypis polyglottis Vaticanis,$c1954. 300 $a63 p. ; $c21 cm. 502 $aDissertatio ad lauream in facultate S. Theologiae apud Pontificium Institutum Angelicum de Urbe. 1954. 504 $aBibliografia in nota a pič pagina. 600 04$aAlfonsus Maria de Ligorio,$cs.,$d1696-1787.$0(OLS)http://pul/subject/2013 600 04$aMaria Virgo,$cs.$0(OLS)http://pul/subject/500 710 2 $aPontificio Ateneo Angelicum.$bFacoltā di Teologia.$kTesi.$0(OLS)http://pul/name/97565 850 $aPUL 852 $aPUL$W1$xDP1 Tesi Pon. Univ. S. Tommaso$y44$mTH S.THOM TH104a$j177521$qTesi$B180493$CPULBib$Z2$F180493 $H17971 $81 941 1 $a16 960 $aAlphonsus Maria de Ligorio,$cs.,$d1696-1787$92013 960 $aDe Liguori, Alfonso Maria,$cs.,$d1696-1787? $92013 960 $aLiguori, Alfonso Maria de$cs.,$d1696-1787? $92013 960 $aMariologia$9500 960 $aMariologia$9500 996 $6245$aDe coniunctione Mariae cum Filio suo secundum "Le glorie di Maria" S. Alphonsi de Liguori / $9(OLS)http://pul/title/194057 996 $6260$aCivitas Vaticana :$bTypis polyglottis Vaticanis$9(OLS)http://pul/publisher/53515